[Event "Rohde op 08th"]
[Site "Sautron"]
[Date "2008.11.01"]
[Round "9"]
[White "Lebreton, Flavien"]
[Black "Vanman, Kent"]
[Result "0-1"]
[WhiteElo "1970"]
[BlackElo "2165"]
[PlyCount "66"]
[EventDate "2008.10.25"]
[EventType "swiss"]
[EventRounds "9"]
[EventCountry "FRA"]
[SourceTitle "EXT 2009"]
[Source "ChessBase"]
[SourceDate "2008.11.26"]
[SourceVersion "1"]
[SourceVersionDate "2008.11.26"]
[SourceQuality "1"]

1. d4 Nf6 2. c4 c5 3. d5 b5 4. cxb5 a6 5. bxa6 Bxa6 6. Nf3 g6 7. Nc3 d6 8. g3 Bg7 9. Bg2 0-0 10. 0-0 Nbd7 11. Rb1 Qc7 12. Qc2 Rfb8 13. Rd1 Ng4 14. e4 c4 15. Nd4 Nc5 16. Nce2 Rb7 17. Bd2 Nd3 18. f3 Nge5 19. f4 Qb6 20. Bc3 Ng4 21. Qd2 e5 22. dxe6 fxe6 23. Bh3 h5 24. Bxg4 hxg4 25. Qe3 e5 26. Nc2 Qc6 27. Ne1 Re7 28. f5 gxf5 29. exf5 Rf8 30. Nxd3 cxd3 31. Nc1 Bb7 32. Kf2 Rxf5+ 33. Ke1 Qg2 0-1

[Event "Rohde op 08th"]
[Site "Sautron"]
[Date "2008.10.27"]
[Round "4"]
[White "Vanman, Kent"]
[Black "Spassov, Liuben"]
[Result "0-1"]
[WhiteElo "2165"]
[BlackElo "2417"]
[PlyCount "80"]
[EventDate "2008.10.25"]
[EventType "swiss"]
[EventRounds "9"]
[EventCountry "FRA"]
[SourceTitle "EXT 2009"]
[Source "ChessBase"]
[SourceDate "2008.11.26"]
[SourceVersion "1"]
[SourceVersionDate "2008.11.26"]
[SourceQuality "1"]

1. Nf3 Nf6 2. g3 d5 3. c4 c6 4. b3 Bg4 5. Bg2 e6 6. 0-0 Nbd7 7. Bb2 Bd6 8. d4 0-0 9. Nbd2 h6 10. Ne5 Bf5 11. h3 Qc7 12. Nxd7 Qxd7 13. Re1 Ne4 14. Nxe4 Bxe4 15. e3 Bxg2 16. Kxg2 f5 17. h4 g6 18. Rh1 Rf7 19. f4 Rg7 20. Kf2 Kf7 21. Qe2 Rag8 22. Bc3 Qe7 23. c5 Bc7 24. b4 g5 25. hxg5 hxg5 26. Qf3 Ke8 27. Rh6 gxf4 28. gxf4 Rg2+ 29. Kf1 Qg7 30. Qh5+ Kd8 31. Rxe6 Rg1+ 32. Ke2 Qg2+ 33. Kd3 Rxa1 34. Bxa1 Qf1+ 35. Qe2 Qxa1 36. Qh2 Kc8 37. Rf6 Qb1+ 38. Kc3 Qc1+ 39. Kd3 Qc4+ 40. Kd2 Qxa2+ 0-1

[Event "Ostrava Konik op-A"]
[Site "Ostrava"]
[Date "2007.??.??"]
[Round "9"]
[White "Vanman, Kent"]
[Black "Novak, Bohdan"]
[Result "1-0"]
[WhiteElo "2160"]
[BlackElo "1925"]
[PlyCount "73"]
[EventDate "2007.05.??"]
[EventType "swiss"]
[EventRounds "9"]
[EventCountry "CZE"]
[SourceTitle "EXT 2010"]
[Source "ChessBase"]
[SourceDate "2010.11.25"]
[SourceVersion "1"]
[SourceVersionDate "2010.11.25"]
[SourceQuality "1"]

1. d4 Nf6 2. c4 c5 3. d5 b5 4. cxb5 a6 5. b6 Qxb6 6. Nc3 g6 7. Nf3 Bg7 8. g3 0-0 9. Bg2 d6 10. 0-0 Nbd7 11. h3 a5 12. Rb1 Ba6 13. Re1 Rab8 14. e4 Qc7 15. Be3 Nb6 16. e5 Nfd7 17. exd6 exd6 18. Bf4 Rfe8 19. Ne4 Nc4 20. b3 Nce5 21. Nxe5 Nxe5 22. Re3 h6 23. g4 Kh8 24. Qc2 Rb4 25. Bh2 f5 26. f4 fxe4 27. fxe5 Bd3 28. exd6 Qd7 29. Rxd3 exd3 30. Qxd3 Kh7 31. Rf1 Qb5 32. Qxb5 Rxb5 33. d7 Rd8 34. Bc7 Rxd7 35. d6 Rb4 36. Bc6 Bd4+ 37. Kg2 1-0

[Event "Budapest FS06 FM-A"]
[Site "Budapest"]
[Date "2005.06.11"]
[Round "8"]
[White "Koczo, Kristof"]
[Black "Vanman, Kent"]
[Result "0-1"]
[WhiteElo "2192"]
[BlackElo "2184"]
[PlyCount "128"]
[EventDate "2005.06.04"]
[EventType "tourn"]
[EventRounds "11"]
[EventCountry "HUN"]
[SourceTitle "CBM 106 Extra"]
[Source "ChessBase"]
[SourceDate "2005.07.01"]
[SourceVersion "1"]
[SourceVersionDate "2005.07.01"]
[SourceQuality "1"]

1. d4 Nf6 2. c4 c5 3. d5 b5 4. cxb5 a6 5. bxa6 Bxa6 6. Nc3 d6 7. e4 Bxf1 8. Kxf1 Nbd7 9. Nf3 g6 10. h3 Bg7 11. Kg1 0-0 12. Kh2 Qa5 13. Re1 Rfb8 14. Re2 Rb4 15. Rb1 Rab8 16. Bd2 Qa6 17. Be1 Ne8 18. Qc2 Nc7 19. Kg1 Nb5 20. Nxb5 R4xb5 21. b3 R5b7 22. Rc1 Nb6 23. Qd1 c4 24. Bc3 cxb3 25. axb3 Nd7 26. Ra1 Qb6 27. Bxg7 Kxg7 28. Qd4+ Ne5 29. Rb1 Qa6 30. Reb2 Rb4 31. Qc3 Qd3 32. Qxd3 Nxd3 33. Re2 Rxb3 34. Rxb3 Rxb3 35. Kh2 h5 36. Re3 Nc5 37. Rxb3 Nxb3 38. Kg3 Nc5 39. Kf4 e6 40. dxe6 fxe6 41. Ke3 Kf6 42. Nd2 e5 43. Nc4 Ke6 44. Nb6 g5 45. f3 h4 46. Nd5 Nb3 47. Kd3 Nd4 48. f4 gxf4 49. Nxf4+ Kf6 50. Nd5+ Kg5 51. Ke3 Nc2+ 52. Kf2 Nd4 53. Nc7 Kf4 54. Ne8 Kxe4 55. Nxd6+ Kf4 56. Nc4 Nf5 57. Nb6 Ke4 58. Nc4 Kd4 59. Nb2 e4 60. Nd1 Kd3 61. Nb2+ Kc3 62. Na4+ Kd2 63. Nb2 e3+ 64. Kf3 Nd6 0-1

[Event "Budapest FS06 FM-A"]
[Site "Budapest"]
[Date "2005.06.09"]
[Round "6"]
[White "Vanman, Kent"]
[Black "Szilardfy, Gyula"]
[Result "1-0"]
[WhiteElo "2184"]
[BlackElo "2123"]
[PlyCount "67"]
[EventDate "2005.06.04"]
[EventType "tourn"]
[EventRounds "11"]
[EventCountry "HUN"]
[SourceTitle "CBM 106 Extra"]
[Source "ChessBase"]
[SourceDate "2005.07.01"]
[SourceVersion "1"]
[SourceVersionDate "2005.07.01"]
[SourceQuality "1"]

1. d4 Nf6 2. c4 g6 3. Nc3 Bg7 4. e4 d6 5. Be2 0-0 6. Nf3 Nbd7 7. 0-0 e5 8. Be3 exd4 9. Nxd4 Re8 10. f3 c6 11. Qd2 a5 12. Rad1 a4 13. Bf2 Qa5 14. Nc2 Bf8 15. b4 axb3 16. axb3 Qd8 17. Kh1 Qe7 18. Bg3 Ne5 19. h3 Nh5 20. Bh2 Nf6 21. Rfe1 h5 22. f4 Ned7 23. Bf3 Nc5 24. b4 Ncd7 25. b5 c5 26. e5 dxe5 27. fxe5 Nh7 28. Nd5 Qd8 29. Qd3 Re6 30. Nf4 Qe7 31. Nxe6 Qxe6 32. Bd5 Qf5 33. Qxf5 gxf5 34. e6 1-0

[Event "Rilton Cup 34th"]
[Site "Stockholm"]
[Date "2005.01.03"]
[Round "7"]
[White "Vanman, Kent"]
[Black "Peng, Zhaoqin"]
[Result "0-1"]
[WhiteElo "2189"]
[BlackElo "2420"]
[PlyCount "92"]
[EventDate "2004.12.27"]
[EventType "swiss"]
[EventRounds "9"]
[EventCountry "SWE"]
[SourceTitle "CBM 104 Extra"]
[Source "ChessBase"]
[SourceDate "2005.03.01"]
[SourceVersion "1"]
[SourceVersionDate "2005.03.01"]
[SourceQuality "1"]

1. d4 Nf6 2. c4 e6 3. Nf3 b6 4. Bg5 Bb7 5. e3 h6 6. Bxf6 Qxf6 7. Be2 g6 8. Nc3 Bg7 9. 0-0 0-0 10. Ne1 Qe7 11. Bf3 c6 12. Qd2 d5 13. cxd5 exd5 14. Nd3 Nd7 15. b4 Nf6 16. Rab1 Ne4 17. Bxe4 dxe4 18. Nf4 Rac8 19. Rfc1 g5 20. Nh5 Bh8 21. a4 f5 22. b5 c5 23. Qa2+ Qf7 24. Qxf7+ Kxf7 25. dxc5 Rxc5 26. Ne2 Rfc8 27. g4 Rxc1+ 28. Rxc1 Rxc1+ 29. Nxc1 fxg4 30. Ng3 Ke6 31. Nb3 Bd5 32. Nd4+ Bxd4 33. exd4 h5 34. Ne2 Bc4 35. Nc3 Kf5 36. Kg2 Kf4 37. Kg1 h4 38. Kg2 e3 39. fxe3+ Kxe3 40. d5 Kd4 41. d6 Be6 42. Nb1 Ke5 43. Nc3 Kxd6 44. Ne4+ Ke5 45. Nxg5 Bd5+ 46. Kf2 Kf5 0-1

[Event "Hallstahammar op"]
[Site "Hallstahammar"]
[Date "2004.09.11"]
[Round "5"]
[White "Vanman, Kent"]
[Black "Johansson, Christer"]
[Result "1/2-1/2"]
[WhiteElo "2010"]
[BlackElo "1779"]
[PlyCount "87"]
[EventDate "2004.09.10"]
[EventType "swiss"]
[EventRounds "8"]
[EventCountry "SWE"]
[SourceTitle "EXT 2005"]
[Source "ChessBase"]
[SourceDate "2004.11.15"]
[SourceVersion "1"]
[SourceVersionDate "2004.11.15"]
[SourceQuality "1"]

1. d4 e6 2. Nf3 d5 3. c4 Nf6 4. Nc3 Be7 5. g3 c6 6. Bg2 0-0 7. 0-0 Nbd7 8. Qc2 Re8 9. Rd1 Nf8 10. Ne5 Ng6 11. e4 Qa5 12. Bd2 Qb6 13. Be3 Qa5 14. exd5 exd5 15. cxd5 cxd5 16. a3 Be6 17. b4 Qc7 18. Nxg6 hxg6 19. Rac1 Rac8 20. Qa4 Qb6 21. Qb3 Qd8 22. Na4 b6 23. Rxc8 Qxc8 24. Rc1 Qb7 25. Bf4 Rc8 26. Rxc8+ Qxc8 27. Nc3 Qd7 28. Be5 Ne4 29. Bxe4 dxe4 30. d5 Bf5 31. Qc4 Bd6 32. Qd4 Bxe5 33. Qxe5 f6 34. Qd4 Qe8 35. d6 Qe6 36. h3 Bxh3 37. Nxe4 Bf5 38. Nc3 Kf7 39. Kg2 Bh3+ 40. Kh2 Bf1 41. Kg1 Bh3 42. Kh2 Bf1 43. Kg1 Bh3 44. Kh2 1/2-1/2

[Event "Hallstahammar op"]
[Site "Hallstahammar"]
[Date "2003.09.14"]
[Round "6"]
[White "Mansson, Anders"]
[Black "Vanman, Kent"]
[Result "1-0"]
[WhiteElo "1633"]
[BlackElo "2107"]
[PlyCount "77"]
[EventDate "2003.09.12"]
[EventType "swiss"]
[EventRounds "7"]
[EventCountry "SWE"]
[SourceTitle "CBM 096 Extra"]
[Source "ChessBase"]
[SourceDate "2003.10.22"]
[SourceVersion "2"]
[SourceVersionDate "2003.10.20"]
[SourceQuality "1"]

1. c4 g6 2. e4 Bg7 3. Be2 c5 4. Nf3 Nc6 5. d3 e6 6. Nc3 Nge7 7. Be3 b6 8. d4 cxd4 9. Nxd4 0-0 10. 0-0 a6 11. f4 d6 12. h4 Qc7 13. Rc1 Bd7 14. h5 Rfd8 15. hxg6 hxg6 16. b3 Qb7 17. Bf3 Nxd4 18. Bxd4 Bc6 19. Bxg7 Kxg7 20. Qd4+ f6 21. Qe3 b5 22. cxb5 axb5 23. Rf2 b4 24. Nd1 d5 25. e5 Nf5 26. exf6+ Kf7 27. Qe5 Rac8 28. Re2 Bd7 29. Rcc2 Rxc2 30. Rxc2 Rc8 31. Rxc8 Qxc8 32. g4 Qc5+ 33. Nf2 Nd4 34. Bg2 Bb5 35. Kh2 Ne2 36. Nh3 Qc3 37. Ng5+ Kf8 38. Qd6+ Kg8 39. f7+ 1-0

[Event "HUN-ch op"]
[Site "Eger"]
[Date "1987.??.??"]
[Round "?"]
[White "Vanman, Kent"]
[Black "Forgo, Eva"]
[Result "1-0"]
[WhiteElo "2265"]
[BlackElo "2185"]
[PlyCount "59"]
[EventDate "1987.07.15"]
[EventType "swiss"]
[EventRounds "11"]
[EventCountry "HUN"]
[SourceTitle "EXT 1997"]
[Source "ChessBase"]
[SourceDate "1996.11.15"]
[SourceVersion "1"]
[SourceVersionDate "1996.11.15"]
[SourceQuality "1"]

1. Nf3 d5 2. c4 dxc4 3. Na3 Nf6 4. Nxc4 a6 5. d4 e6 6. g3 b5 7. Nce5 Bb7 8. Bg2 Bb4+ 9. Bd2 Bxd2+ 10. Qxd2 0-0 11. Rc1 Qd6 12. 0-0 Bd5 13. Qa5 Ra7 14. Rfd1 Nbd7 15. Nxd7 Nxd7 16. Ne1 Bxg2 17. Nxg2 Nb6 18. e4 Rd8 19. Ne3 h6 20. b3 Rd7 21. d5 exd5 22. exd5 Qe5 23. Rc5 Ra8 24. Qa3 Qf6 25. Rc6 Qd8 26. Qc5 Rc8 27. d6 Qe8 28. Nf5 Kh7 29. Ne7 cxd6 30. Qc2+ 1-0